[Event "Tradewise Gibraltar Master 2015"]
[Site "Gibraltar ENG"]
[Date "2015.02.03"]
[Round "8.34"]
[White "Stefansson, Hannes"]
[Black "Teran Alvarez, Ismael"]
[Result "1/2-1/2"]
[WhiteElo "2573"]
[BlackElo "2430"]
[PlyCount "108"]
[EventDate "2015.01.27"]
[EventType "swiss"]
[EventRounds "10"]
[EventCountry "ENG"]
[Source "lmi"]
[SourceDate "2015.01.27"]

1. d4 e6 2. Nf3 f5 3. g3 Nf6 4. Bg2 d5 5. c4 c6 6. O-O Bd6 7. Qc2 O-O 8. Nc3
Bd7 9. Bg5 Be8 10. Qb3 Qb6 11. c5 Qxb3 12. axb3 Bc7 13. b4 Ne4 14. Bf4 Bxf4 15.
gxf4 Nd7 16. Ng5 Nxc3 17. bxc3 Bf7 18. c4 a6 19. e3 h6 20. Nxf7 Kxf7 21. b5
axb5 22. cxb5 g5 23. fxg5 hxg5 24. b6 Kf6 25. Rfb1 Rxa1 26. Rxa1 Rb8 27. Kf1 e5
28. Ke2 Rf8 29. dxe5+ Kxe5 30. h3 Ke6 31. Rd1 Rh8 32. Bf1 Rh4 33. Kd2 f4 34.
Kc3 fxe3 35. fxe3 Re4 36. Kd2 Rb4 37. Bd3 d4 38. e4 Rb2+ 39. Bc2 Rb4 40. Bd3
Rb2+ 41. Bc2 Ke5 42. Kc1 Rb4 43. Kd2 Kf4 44. Ra1 Kg3 45. Ra3+ Kf2 46. Ra2 Kg3
47. e5 Nxc5 48. e6 d3 49. Bd1 Nxe6 50. Kxd3 Rd4+ 51. Kc2 Rb4 52. Bg4 Kh4 53.
Ra5 Nf4 54. Bc8 Rxb6 1/2-1/2

[Event "Tradewise Gibraltar Master 2015"]
[Site "Gibraltar ENG"]
[Date "2015.02.03"]
[Round "8.35"]
[White "Solomon, Kenny"]
[Black "Bogner, Sebastian"]
[Result "1-0"]
[WhiteElo "2399"]
[BlackElo "2565"]
[PlyCount "53"]
[EventDate "2015.01.27"]
[EventType "swiss"]
[EventRounds "10"]
[EventCountry "ENG"]
[Source "lmi"]
[SourceDate "2015.01.27"]

1. d4 Nf6 2. c4 e6 3. Nf3 b6 4. g3 Bb7 5. Bg2 g6 6. Nc3 Bg7 7. d5 O-O 8. O-O c5
9. e4 exd5 10. e5 Ng4 11. Bg5 f6 12. exf6 Bxf6 13. Nxd5 Nc6 14. Nxf6+ Nxf6 15.
Ne5 Qc7 16. Bxf6 Rxf6 17. Ng4 Rd6 18. Bd5+ Kg7 19. Qd2 Nd4 20. Qh6+ Kh8 21.
Rfe1 Nf5 22. Qf4 Bxd5 23. cxd5 h5 24. Nh6 Rf8 25. Nxf5 gxf5 26. Re7 Rff6 27.
Qg5 1-0

[Event "Tradewise Gibraltar Master 2015"]
[Site "Gibraltar ENG"]
[Date "2015.02.03"]
[Round "8.36"]
[White "Karavade, Eesha"]
[Black "Chirila, Ioan-Cristian"]
[Result "1/2-1/2"]
[WhiteElo "2398"]
[BlackElo "2548"]
[PlyCount "110"]
[EventDate "2015.01.27"]
[EventType "swiss"]
[EventRounds "10"]
[EventCountry "ENG"]
[Source "lmi"]
[SourceDate "2015.01.27"]

1. d4 Nf6 2. c4 g6 3. Nc3 d5 4. cxd5 Nxd5 5. Bd2 Bg7 6. e4 Nb6 7. Be3 O-O 8. h3
e5 9. Nf3 exd4 10. Bxd4 Be6 11. Bxg7 Kxg7 12. Qc2 Nc6 13. Rd1 Qe7 14. Be2 Rad8
15. O-O f6 16. b3 Bf7 17. Rxd8 Rxd8 18. Rd1 Rxd1+ 19. Qxd1 Qb4 20. Qc2 Qc5 21.
Qd2 a6 22. Bf1 Qe7 23. Qe3 Nc8 24. Nd2 Nd6 25. f4 Nf5 26. Qf2 Qb4 27. Ndb1 Nd6
28. Qe3 Nd4 29. e5 fxe5 30. Qxe5+ Kg8 31. Nd5 Bxd5 32. Qxd5+ Kf8 33. Qe5 N4f5
34. Qh8+ Ke7 35. Qe5+ Kd7 36. Bd3 Qb6+ 37. Kh2 Qf2 38. Bxf5+ Nxf5 39. Nc3 Qd4
40. Qxd4+ Nxd4 41. g4 c5 42. Kg3 b5 43. Kf2 c4 44. bxc4 bxc4 45. Ke3 Nc6 46.
Ke4 Kd6 47. Nd5 Kc5 48. f5 gxf5+ 49. gxf5 Kd6 50. Nc3 Kc5 51. h4 Kd6 52. Nd5
Ne5 53. Nc3 Nc6 54. Nd5 Ne5 55. Nc3 Nc6 1/2-1/2

[Event "Tradewise Gibraltar Master 2015"]
[Site "Gibraltar ENG"]
[Date "2015.02.03"]
[Round "8.37"]
[White "Zude, Arno"]
[Black "Troff, Kayden W"]
[Result "0-1"]
[WhiteElo "2377"]
[BlackElo "2541"]
[PlyCount "70"]
[EventDate "2015.01.27"]
[EventType "swiss"]
[EventRounds "10"]
[EventCountry "ENG"]
[Source "lmi"]
[SourceDate "2015.01.27"]

1. e4 c5 2. Nf3 d6 3. d4 cxd4 4. Nxd4 Nf6 5. Nc3 a6 6. Be2 e5 7. Nb3 Be7 8. Bg5
Be6 9. Bxf6 Bxf6 10. Qd3 Nc6 11. Nd5 Bg5 12. O-O O-O 13. Rad1 Rc8 14. c3 Ne7
15. Ne3 Rc6 16. Nd5 Bxd5 17. exd5 Rc8 18. Qe4 f5 19. Qb4 Qd7 20. a4 Ng6 21.
Rfe1 Bd8 22. Bf1 Rf6 23. Na5 Bxa5 24. Qxa5 e4 25. Qb6 Ne5 26. a5 Qe7 27. Re3
Rcf8 28. Qd4 Rg6 29. Rg3 Rh6 30. c4 Rh4 31. Rc3 Qg5 32. Kh1 e3 33. Qxe3 Qh5 34.
f3 Rxh2+ 35. Kg1 Qh4 0-1

[Event "Tradewise Gibraltar Master 2015"]
[Site "Gibraltar ENG"]
[Date "2015.02.03"]
[Round "8.39"]
[White "Rasmussen, Allan Stig"]
[Black "Ladron De Guevara Pinto, Paolo"]
[Result "1-0"]
[WhiteElo "2526"]
[BlackElo "2367"]
[PlyCount "87"]
[EventDate "2015.01.27"]
[EventType "swiss"]
[EventRounds "10"]
[EventCountry "ENG"]
[Source "lmi"]
[SourceDate "2015.01.27"]

1. c4 Nf6 2. Nf3 g6 3. Nc3 Bg7 4. d4 O-O 5. e4 d6 6. Be2 e5 7. O-O Nc6 8. d5
Ne7 9. Ne1 Nd7 10. Be3 f5 11. f3 f4 12. Bf2 g5 13. Rc1 b6 14. b4 Rf6 15. Nd3
Rh6 16. c5 a6 17. cxd6 cxd6 18. Re1 Qe8 19. Bf1 Nf6 20. h3 b5 21. a4 Bd7 22.
axb5 axb5 23. Bb6 Qb8 24. Ba5 Rg6 25. Nf2 Ra7 26. Qd3 Rb7 27. Nb1 h5 28. Be2
Qa7 29. Kf1 Rh6 30. Na3 g4 31. fxg4 hxg4 32. hxg4 Nexd5 33. exd5 e4 34. Qc2
Nxd5 35. Qxe4 Ne3+ 36. Kg1 Be5 37. Bf3 Nxg4 38. Qd5+ Kf8 39. Bxg4 Bxg4 40. Rxe5
dxe5 41. Rc5 Be6 42. Qxe5 Rg6 43. Nxb5 Qa8 44. Qe4 1-0

[Event "Tradewise Gibraltar Master 2015"]
[Site "Gibraltar ENG"]
[Date "2015.02.03"]
[Round "8.42"]
[White "Al-Sayed, Mohammed"]
[Black "Zwahr, Paul"]
[Result "1-0"]
[WhiteElo "2516"]
[BlackElo "2354"]
[PlyCount "59"]
[EventDate "2015.01.27"]
[EventType "swiss"]
[EventRounds "10"]
[EventCountry "ENG"]
[Source "lmi"]
[SourceDate "2015.01.27"]

1. d4 Nf6 2. c4 g6 3. Nc3 Bg7 4. e4 d6 5. Nf3 O-O 6. Be2 e5 7. O-O exd4 8. Nxd4
Re8 9. f3 c6 10. Kh1 Nbd7 11. Bg5 Qb6 12. Nb3 a5 13. Qd2 a4 14. Be3 Qc7 15. Nd4
Nc5 16. Rad1 Nfd7 17. Bh6 Be5 18. f4 Bh8 19. f5 Nxe4 20. Nxe4 Rxe4 21. Bd3 Rxd4
22. Qe3 Be5 23. fxg6 hxg6 24. Bxg6 fxg6 25. Rxd4 Nf6 26. Rh4 Bf5 27. Rxf5 Qf7
28. Rf1 Qe8 29. Bg5 Bxb2 30. Qd2 1-0

[Event "Tradewise Gibraltar Master 2015"]
[Site "Gibraltar ENG"]
[Date "2015.02.03"]
[Round "8.43"]
[White "Christiansen, Johan-Sebastian"]
[Black "Donchenko, Alexander"]
[Result "1/2-1/2"]
[WhiteElo "2354"]
[BlackElo "2511"]
[PlyCount "150"]
[EventDate "2015.01.27"]
[EventType "swiss"]
[EventRounds "10"]
[EventCountry "ENG"]
[Source "lmi"]
[SourceDate "2015.01.27"]

1. c4 Nf6 2. g3 e6 3. Bg2 d5 4. Nf3 d4 5. O-O c5 6. e3 Nc6 7. exd4 cxd4 8. d3
Bd6 9. Nbd2 O-O 10. Ng5 Nd7 11. f4 Be7 12. Nge4 Rb8 13. a3 a5 14. Rb1 Qc7 15.
Qa4 h6 16. Nf3 Rd8 17. b4 f5 18. Nf2 Nb6 19. Qb3 axb4 20. Bd2 Nd7 21. axb4 Re8
22. c5 Kh7 23. Rfe1 Bf6 24. b5 Ne7 25. Rec1 Nd5 26. b6 Qd8 27. Qa4 Ne7 28. Ne1
Nf8 29. Qa7 Bd7 30. Bxb7 Nc6 31. Qa6 Re7 32. Nc2 Be8 33. Bxc6 Bxc6 34. Nb4 Bf3
35. Qb5 e5 36. fxe5 Rxe5 37. Nc6 Bxc6 38. Qxc6 Ne6 39. Re1 Rc8 40. Qf3 Rcxc5
41. Rxe5 Rxe5 42. b7 Qb8 43. Rc1 Nd8 44. Bf4 Qxb7 45. Qxb7 Nxb7 46. Bxe5 Bxe5
47. Nh3 g5 48. Kf2 Kg6 49. Ng1 Nd8 50. Nf3 Bf6 51. Nd2 g4 52. Rc8 h5 53. Nb3 h4
54. Nc5 hxg3+ 55. hxg3 Be7 56. Nd7 Kf7 57. Ne5+ Kf6 58. Nc4 Ke6 59. Ra8 Nf7 60.
Ra6+ Bd6 61. Na3 Kd5 62. Nb5 Be5 63. Na3 Bd6 64. Nc2 Ne5 65. Ra5+ Bc5 66. Nb4+
Kd6 67. Na6 Nd7 68. Ke2 Kc6 69. Ra1 Bd6 70. Rf1 f4 71. Rxf4 Bxf4 72. gxf4 Nf6
73. Nb4+ Kc5 74. Nc2 Nh5 75. Kf2 Nxf4 1/2-1/2

[Event "Tradewise Gibraltar Master 2015"]
[Site "Gibraltar ENG"]
[Date "2015.02.03"]
[Round "8.44"]
[White "Svane, Rasmus"]
[Black "Soumya, Swaminathan"]
[Result "1-0"]
[WhiteElo "2496"]
[BlackElo "2346"]
[PlyCount "93"]
[EventDate "2015.01.27"]
[EventType "swiss"]
[EventRounds "10"]
[EventCountry "ENG"]
[Source "lmi"]
[SourceDate "2015.01.27"]

1. Nf3 Nf6 2. c4 g6 3. Nc3 d5 4. cxd5 Nxd5 5. Qa4+ Bd7 6. Qc2 Nb4 7. Qb3 c5 8.
Ne4 Bf5 9. d3 b6 10. Neg5 f6 11. e4 Bg4 12. a3 fxg5 13. Nxg5 Nc2+ 14. Qxc2 h6
15. Qc3 Qd4 16. Qxd4 cxd4 17. Nf3 Bg7 18. Bd2 a5 19. Be2 Nd7 20. Nh4 Bxe2 21.
Kxe2 g5 22. Nf5 Be5 23. b4 e6 24. Ng3 axb4 25. Bxb4 Kf7 26. Rhc1 Bf4 27. Rc2
Nc5 28. Bxc5 Rhc8 29. Nf1 Rxc5 30. Rxc5 bxc5 31. g3 Bc7 32. Nd2 Ke7 33. Nc4 Kd7
34. Rb1 Kc6 35. e5 Rf8 36. Rf1 Rf5 37. a4 Kd5 38. f4 gxf4 39. gxf4 Rf8 40. a5
Kc6 41. Kf3 Rg8 42. a6 h5 43. Ra1 Ra8 44. Ke4 Rf8 45. a7 Kb7 46. Nd6+ Ka8 47.
Ra6 1-0

[Event "Tradewise Gibraltar Master 2015"]
[Site "Gibraltar ENG"]
[Date "2015.02.03"]
[Round "8.45"]
[White "Wemmers, Xander"]
[Black "Shyam, Sundar M"]
[Result "0-1"]
[WhiteElo "2353"]
[BlackElo "2489"]
[PlyCount "72"]
[EventDate "2015.01.27"]
[EventType "swiss"]
[EventRounds "10"]
[EventCountry "ENG"]
[Source "lmi"]
[SourceDate "2015.01.27"]

1. d4 Nf6 2. c4 g6 3. Nc3 Bg7 4. e4 d6 5. Nf3 O-O 6. Be2 e5 7. O-O Nc6 8. d5
Ne7 9. b4 Ne8 10. c5 f5 11. Ba3 Nf6 12. Ng5 Bh6 13. Ne6 Bxe6 14. dxe6 d5 15.
exd5 Nfxd5 16. Nxd5 Qxd5 17. Qxd5 Nxd5 18. c6 bxc6 19. b5 Nc3 20. Bc4 cxb5 21.
Bb3 Rfe8 22. Rfe1 e4 23. e7+ Kg7 24. Rad1 Nxd1 25. Rxd1 Bg5 26. Rd7 c5 27. Bxc5
Rac8 28. Ba3 a5 29. h4 Bxh4 30. Bd6 Bf6 31. Be6 Rc1+ 32. Kh2 Rc6 33. g3 Bxe7
34. Bxe7 Kh6 35. Bd5 Rc2 36. Bd6 Rd8 0-1

[Event "Tradewise Gibraltar Master 2015"]
[Site "Gibraltar ENG"]
[Date "2015.02.03"]
[Round "8.46"]
[White "Holm, Kristian Stuvik"]
[Black "Smith, Axel"]
[Result "1/2-1/2"]
[WhiteElo "2330"]
[BlackElo "2483"]
[PlyCount "63"]
[EventDate "2015.01.27"]
[EventType "swiss"]
[EventRounds "10"]
[EventCountry "ENG"]
[Source "lmi"]
[SourceDate "2015.01.27"]

1. Nf3 c5 2. c4 Nc6 3. Nc3 Nf6 4. g3 g6 5. d4 cxd4 6. Nxd4 d6 7. Bg2 Bd7 8. O-O
Bg7 9. Nxc6 Bxc6 10. e4 O-O 11. Bd2 a5 12. b3 Nd7 13. Rb1 Nc5 14. Qe2 Re8 15.
Rfc1 e6 16. Nb5 Qd7 17. Bc3 Bxc3 18. Nxc3 e5 19. Rd1 Ne6 20. Qd2 Red8 21. Bh3
Qe8 22. Bxe6 fxe6 23. a4 Rd7 24. Qe3 Qf7 25. Rd3 Rad8 26. Rbd1 d5 27. cxd5 exd5
28. exd5 Bxd5 29. Nxd5 Rxd5 30. Rxd5 Rxd5 31. Rxd5 Qxd5 32. Qb6 1/2-1/2

[Event "Tradewise Gibraltar Master 2015"]
[Site "Gibraltar ENG"]
[Date "2015.02.03"]
[Round "8.47"]
[White "Zhukova, Natalia"]
[Black "Vuilleumier, Alexandre"]
[Result "1-0"]
[WhiteElo "2482"]
[BlackElo "2336"]
[PlyCount "57"]
[EventDate "2015.01.27"]
[EventType "swiss"]
[EventRounds "10"]
[EventCountry "ENG"]
[Source "lmi"]
[SourceDate "2015.01.27"]

1. d4 Nf6 2. c4 e6 3. Nf3 d5 4. Nc3 Bb4 5. Bg5 h6 6. Bxf6 Qxf6 7. e3 O-O 8. Rc1
dxc4 9. Bxc4 c5 10. O-O cxd4 11. Ne4 Qe7 12. Nxd4 Bd7 13. Qh5 Nc6 14. Nb3 Rfd8
15. f4 Be8 16. a3 Bd6 17. g4 b5 18. Bxb5 f5 19. Qh3 fxe4 20. Bxc6 Bxc6 21. Rxc6
Rdb8 22. Rc3 Rb6 23. Re1 Rab8 24. Na5 Qf6 25. b4 Rb5 26. Qg2 Qg6 27. Nc6 Ra8
28. Rc4 Kh7 29. Qxe4 1-0

[Event "Tradewise Gibraltar Master 2015"]
[Site "Gibraltar ENG"]
[Date "2015.02.03"]
[Round "8.48"]
[White "Das, Arghyadip"]
[Black "Salomon, Johan"]
[Result "1/2-1/2"]
[WhiteElo "2476"]
[BlackElo "2319"]
[PlyCount "93"]
[EventDate "2015.01.27"]
[EventType "swiss"]
[EventRounds "10"]
[EventCountry "ENG"]
[Source "lmi"]
[SourceDate "2015.01.27"]

1. e4 e5 2. Nf3 Nc6 3. Bc4 Bc5 4. c3 Nf6 5. d3 a6 6. Bb3 d6 7. Nbd2 Ba7 8. Nf1
O-O 9. Ng3 Be6 10. O-O h6 11. h3 Qd7 12. Be3 Bxb3 13. axb3 d5 14. Bxa7 Rxa7 15.
Re1 Raa8 16. exd5 Qxd5 17. Ne4 Nxe4 18. dxe4 Qxd1 19. Rexd1 Rfd8 20. b4 Kf8 21.
Kf1 Rxd1+ 22. Rxd1 Ke8 23. Rd5 f6 24. Rd1 Rd8 25. Ra1 Kf7 26. Ke2 Rb8 27. h4 h5
28. Ne1 Nd8 29. Nd3 Ne6 30. g3 Nf8 31. Ke3 Nd7 32. f4 Ke6 33. b3 Rc8 34. Ra5 c6
35. c4 Rc7 36. Kf3 Rc8 37. Ke3 Rc7 38. Kd2 Rc8 39. Kc3 Kd6 40. Ra1 Re8 41. Rd1
Kc7 42. Re1 Kd6 43. Rd1 Kc7 44. Rg1 g6 45. Re1 Kd6 46. Rd1 Kc7 47. Re1 1/2-1/2

[Event "Tradewise Gibraltar Master 2015"]
[Site "Gibraltar ENG"]
[Date "2015.02.03"]
[Round "8.49"]
[White "Sorm, Daniel"]
[Black "Melia, Salome"]
[Result "1/2-1/2"]
[WhiteElo "2319"]
[BlackElo "2473"]
[PlyCount "67"]
[EventDate "2015.01.27"]
[EventType "swiss"]
[EventRounds "10"]
[EventCountry "ENG"]
[Source "lmi"]
[SourceDate "2015.01.27"]

1. d4 Nf6 2. Bg5 e6 3. e4 h6 4. Bxf6 Qxf6 5. Nc3 Bb4 6. Qd3 e5 7. dxe5 Qxe5 8.
Nge2 b6 9. O-O-O Ba6 10. Qd5 Qxd5 11. Nxd5 Bd6 12. Nd4 Kd8 13. f4 Re8 14. e5
Bf8 15. Nc6+ Kc8 16. Nxb8 Bxf1 17. Rhxf1 Rxb8 18. Rfe1 d6 19. exd6 Rxe1 20.
Rxe1 Bxd6 21. Re8+ Kb7 22. Rxb8+ Kxb8 23. g3 Kc8 24. Kd2 Kd7 25. Ke3 Ke6 26. c4
c6 27. Nc3 Bc5+ 28. Ke4 f5+ 29. Kd3 g5 30. Ne2 gxf4 31. gxf4 Bf2 32. Nd4+ Bxd4
33. Kxd4 c5+ 34. Ke3 1/2-1/2

[Event "Tradewise Gibraltar Master 2015"]
[Site "Gibraltar ENG"]
[Date "2015.02.03"]
[Round "8.50"]
[White "Trent, Lawrence"]
[Black "Santos Ruiz, Miguel"]
[Result "1-0"]
[WhiteElo "2470"]
[BlackElo "2310"]
[PlyCount "69"]
[EventDate "2015.01.27"]
[EventType "swiss"]
[EventRounds "10"]
[EventCountry "ENG"]
[Source "lmi"]
[SourceDate "2015.01.27"]

1. e4 e6 2. d4 d5 3. Nd2 c5 4. Ngf3 Nf6 5. exd5 exd5 6. Bb5+ Bd7 7. Bxd7+ Nbxd7
8. O-O Be7 9. dxc5 Nxc5 10. Nb3 Nce4 11. Nfd4 Nd6 12. Re1 O-O 13. Bg5 Re8 14.
Qf3 Nde4 15. Be3 Rc8 16. c3 g6 17. Rad1 Qd7 18. h3 Kg7 19. Ne2 Qa4 20. Nec1 Bd6
21. Bd4 Be5 22. a3 Bxd4 23. Nxd4 Qa6 24. Nd3 Re7 25. Qf4 Rce8 26. f3 Nd6 27.
Rxe7 Rxe7 28. Nb4 Qb6 29. Qxf6+ Kxf6 30. Nxd5+ Kg7 31. Nxb6 axb6 32. a4 Nc4 33.
b3 Na5 34. Kf2 Rd7 35. Nf5+ 1-0

[Event "Tradewise Gibraltar Master 2015"]
[Site "Gibraltar ENG"]
[Date "2015.02.03"]
[Round "8.51"]
[White "Seyfried, Claus"]
[Black "Kjartansson, Gudmundur"]
[Result "0-1"]
[WhiteElo "2147"]
[BlackElo "2468"]
[PlyCount "46"]
[EventDate "2015.01.27"]
[EventType "swiss"]
[EventRounds "10"]
[EventCountry "ENG"]
[Source "lmi"]
[SourceDate "2015.01.27"]

1. e4 c6 2. d4 d5 3. e5 Bf5 4. h4 h5 5. Bg5 Qb6 6. Bd3 Nh6 7. Bxh6 Bxd3 8. Qxd3
Rxh6 9. Nc3 e6 10. Nf3 c5 11. dxc5 Bxc5 12. O-O Be7 13. Qb5+ Nd7 14. g3 Rc8 15.
a4 a6 16. Qxb6 Nxb6 17. Rfc1 Rg6 18. Ne2 Rg4 19. b3 Nd7 20. Nf4 g5 21. hxg5
Bxg5 22. Nh2 Bxf4 23. Nxg4 Bxc1 0-1

[Event "Tradewise Gibraltar Master 2015"]
[Site "Gibraltar ENG"]
[Date "2015.02.03"]
[Round "8.52"]
[White "Carlsson, Pontus"]
[Black "Walton, Alan J"]
[Result "1/2-1/2"]
[WhiteElo "2465"]
[BlackElo "2129"]
[PlyCount "166"]
[EventDate "2015.01.27"]
[EventType "swiss"]
[EventRounds "10"]
[EventCountry "ENG"]
[Source "lmi"]
[SourceDate "2015.01.27"]

1. e4 e6 2. d4 d5 3. Nd2 a6 4. Bd3 c5 5. dxc5 Bxc5 6. Qe2 Ne7 7. Ngf3 Nbc6 8.
c3 Ng6 9. Nb3 Be7 10. O-O Bd7 11. exd5 exd5 12. Rd1 Qc7 13. Bg5 O-O-O 14. Bxg6
hxg6 15. Bxe7 Rde8 16. Rxd5 Rxe7 17. Qf1 Bg4 18. Nbd2 Ne5 19. Nxe5 Rxe5 20.
Rxe5 Qxe5 21. Qc4+ Kb8 22. Nf1 Be2 23. Qd4 Qxd4 24. cxd4 Rd8 25. Re1 Bg4 26.
Ne3 Rxd4 27. Nxg4 Rxg4 28. Re7 Rc4 29. g3 Rc7 30. Re2 Rd7 31. h4 Kc7 32. Kg2
Rd8 33. Kf3 Rd6 34. Rc2+ Kd7 35. Ke3 Re6+ 36. Kf4 Rd6 37. Ke3 Re6+ 38. Kd4 Rd6+
39. Ke3 Re6+ 40. Kf4 Rd6 41. f3 Rf6+ 42. Kg4 Rd6 43. Kg5 Rd5+ 44. Kf4 Rd1 45.
g4 Rd6 46. Rg2 Rf6+ 47. Ke4 Re6+ 48. Kd4 Rd6+ 49. Ke4 Re6+ 50. Kf4 Rf6+ 51. Kg3
Rd6 52. Re2 Rd4 53. Rc2 Rd1 54. Kf4 Rh1 55. Rd2+ Ke7 56. Re2+ Kd7 57. Kg5 Rf1
58. f4 Rg1 59. f5 gxf5 60. Kxf5 Rf1+ 61. Kg5 Rc1 62. h5 Rc5+ 63. Kf4 Rc4+ 64.
Kg3 Rc5 65. Kf4 Rc4+ 66. Re4 Rc2 67. Rb4 b5 68. a4 bxa4 69. Rxa4 Rxb2 70. Rxa6
Rb4+ 71. Kg5 Rb5+ 72. Kh4 Ke7 73. Ra4 Kf8 74. g5 Kg8 75. Ra8+ Kh7 76. Ra4 Rb1
77. Kg4 Rg1+ 78. Kf5 Rf1+ 79. Rf4 Rxf4+ 80. Kxf4 f6 81. Kg4 fxg5 82. Kxg5 Kg8
83. h6 gxh6+ 1/2-1/2

[Event "Tradewise Gibraltar Master 2015"]
[Site "Gibraltar ENG"]
[Date "2015.02.03"]
[Round "8.53"]
[White "Docx, Stefan"]
[Black "Yu, Jonathan"]
[Result "0-1"]
[WhiteElo "2450"]
[BlackElo "2081"]
[PlyCount "72"]
[EventDate "2015.01.27"]
[EventType "swiss"]
[EventRounds "10"]
[EventCountry "ENG"]
[Source "lmi"]
[SourceDate "2015.01.27"]

1. Nf3 e6 2. c4 Nf6 3. Nc3 d5 4. d4 Bb4 5. cxd5 exd5 6. Bg5 O-O 7. e3 c6 8. Bd3
Nbd7 9. O-O Re8 10. Qc2 h6 11. Bh4 Be7 12. Bg3 Nh5 13. Nxd5 Nxg3 14. Nxe7+ Qxe7
15. hxg3 Nf6 16. Rac1 Be6 17. Rfe1 Bd5 18. Ne5 Rad8 19. a3 a6 20. b4 g6 21. Rb1
Nd7 22. Nxd7 Rxd7 23. a4 h5 24. b5 axb5 25. axb5 f5 26. bxc6 bxc6 27. Bc4 Kg7
28. Bxd5 cxd5 29. Rec1 h4 30. gxh4 Qxh4 31. Qc6 Red8 32. Rb7 Qe7 33. Rcb1 Qf7
34. g3 Kh6 35. Kg2 Qe8 36. Qxd5 Rxd5 0-1

[Event "Tradewise Gibraltar Master 2015"]
[Site "Gibraltar ENG"]
[Date "2015.02.03"]
[Round "8.54"]
[White "Janev, Pavel"]
[Black "Neelotpal, Das"]
[Result "1/2-1/2"]
[WhiteElo "2196"]
[BlackElo "2437"]
[PlyCount "50"]
[EventDate "2015.01.27"]
[EventType "swiss"]
[EventRounds "10"]
[EventCountry "ENG"]
[Source "lmi"]
[SourceDate "2015.01.27"]

1. e4 e6 2. d4 d5 3. Nd2 Nf6 4. e5 Nfd7 5. f4 c5 6. Ngf3 Nc6 7. Nb3 Qb6 8. dxc5
Bxc5 9. Qe2 O-O 10. Nxc5 Nxc5 11. Qb5 Nb4 12. Nd4 Ncd3+ 13. Bxd3 Qxd4 14. a3
Nxd3+ 15. Qxd3 Qb6 16. Be3 Qa5+ 17. Qd2 Qb5 18. Qd3 Qa4 19. b3 Qa5+ 20. Qd2 Qb5
21. a4 Qa6 22. Qd3 Qa5+ 23. Qd2 Qa6 24. Qd3 Qa5+ 25. Qd2 Qa6 1/2-1/2

[Event "Tradewise Gibraltar Master 2015"]
[Site "Gibraltar ENG"]
[Date "2015.02.03"]
[Round "8.56"]
[White "Tarjan, James E"]
[Black "Semprun Martinez, Fernando"]
[Result "1-0"]
[WhiteElo "2518"]
[BlackElo "2253"]
[PlyCount "83"]
[EventDate "2015.01.27"]
[EventType "swiss"]
[EventRounds "10"]
[EventCountry "ENG"]
[Source "lmi"]
[SourceDate "2015.01.27"]

1. c4 c5 2. Nc3 Nc6 3. g3 g6 4. Bg2 Bg7 5. Nf3 e5 6. O-O Nge7 7. a3 a5 8. Ne1
d6 9. Nc2 Be6 10. Ne3 O-O 11. Ned5 Rb8 12. d3 f6 13. Rb1 Kh8 14. b4 axb4 15.
axb4 Bxd5 16. Nxd5 Nxd5 17. Bxd5 Nxb4 18. Bg2 b5 19. cxb5 Rxb5 20. Bd2 Qe7 21.
Qa4 Rfb8 22. Rb3 f5 23. Rfb1 e4 24. dxe4 fxe4 25. Bxb4 Rxb4 26. Rxb4 cxb4 27.
Rxb4 Rxb4 28. Qxb4 e3 29. f4 Qc7 30. Bd5 Bf6 31. Kg2 h5 32. Qe4 Kg7 33. Qxe3
Qe7 34. Qd3 h4 35. g4 g5 36. e3 Qa7 37. Qb3 Kh6 38. Be4 Qe7 39. Qd5 Qg7 40. Kf3
Be7 41. Qf5 Bf6 42. Qe6 1-0

[Event "Tradewise Gibraltar Master 2015"]
[Site "Gibraltar ENG"]
[Date "2015.02.03"]
[Round "8.57"]
[White "Lombaers, Peter"]
[Black "Raznikov, Danny"]
[Result "1-0"]
[WhiteElo "2291"]
[BlackElo "2494"]
[PlyCount "79"]
[EventDate "2015.01.27"]
[EventType "swiss"]
[EventRounds "10"]
[EventCountry "ENG"]
[Source "lmi"]
[SourceDate "2015.01.27"]

1. e4 e5 2. Nf3 Nc6 3. Bc4 Bc5 4. O-O Nf6 5. d4 Bxd4 6. Nxd4 Nxd4 7. f4 d6 8.
fxe5 dxe5 9. Bg5 Qe7 10. Na3 Bd7 11. c3 Ne6 12. Bxf6 gxf6 13. Qf3 Nf4 14. Qe3
h5 15. Kh1 h4 16. Rad1 Rg8 17. Rd2 a6 18. Bd5 Nxd5 19. exd5 Rd8 20. h3 b5 21.
Qh6 f5 22. Qxa6 Qd6 23. Qa5 Rb8 24. c4 f4 25. cxb5 Qb6 26. Qc3 Qe3 27. Qxe3
fxe3 28. Rd3 Rxb5 29. Nc4 Rg3 30. Re1 f6 31. d6 Rb4 32. Nxe3 cxd6 33. Rxd6 Rxb2
34. Rxf6 Rxa2 35. Nd5 Rg8 36. Rb6 Kd8 37. Rb8+ Bc8 38. Rxc8+ Kxc8 39. Ne7+ Kc7
40. Nxg8 1-0

[Event "Tradewise Gibraltar Master 2015"]
[Site "Gibraltar ENG"]
[Date "2015.02.03"]
[Round "8.58"]
[White "Georgiadis, Nico"]
[Black "Al-Tamimi, Hamad"]
[Result "1/2-1/2"]
[WhiteElo "2490"]
[BlackElo "2214"]
[PlyCount "63"]
[EventDate "2015.01.27"]
[EventType "swiss"]
[EventRounds "10"]
[EventCountry "ENG"]
[Source "lmi"]
[SourceDate "2015.01.27"]

1. e4 c6 2. Nc3 d5 3. Nf3 Bg4 4. d4 e6 5. h3 Bxf3 6. Qxf3 dxe4 7. Qxe4 Nf6 8.
Qd3 Na6 9. a3 Qa5 10. Rb1 Nc7 11. Be2 O-O-O 12. O-O Qf5 13. Rd1 Qxd3 14. Rxd3
Bd6 15. Bf3 Rhe8 16. Bg5 h6 17. Bxf6 gxf6 18. Rbd1 f5 19. Ne2 Nd5 20. c4 Nf4
21. Nxf4 Bxf4 22. g3 Bd6 23. b4 Be7 24. d5 Kc7 25. Bh5 Rf8 26. f4 c5 27. b5 Bf6
28. Kg2 Rd7 29. dxe6 Rxd3 30. e7 Rxg3+ 31. Kxg3 Bxe7 32. Kf3 1/2-1/2

[Event "Tradewise Gibraltar Master 2015"]
[Site "Gibraltar ENG"]
[Date "2015.02.03"]
[Round "8.59"]
[White "Almagro Llamas, Pablo"]
[Black "Galmandakh, Badrakh"]
[Result "1/2-1/2"]
[WhiteElo "2469"]
[BlackElo "2240"]
[PlyCount "70"]
[EventDate "2015.01.27"]
[EventType "swiss"]
[EventRounds "10"]
[EventCountry "ENG"]
[Source "lmi"]
[SourceDate "2015.01.27"]

1. e4 d6 2. d4 Nf6 3. Nc3 e5 4. Nf3 Nbd7 5. Bc4 Be7 6. a4 a5 7. O-O O-O 8. Re1
c6 9. h3 exd4 10. Nxd4 Nb6 11. Ba2 Nfd7 12. Nf5 Nc5 13. Nxe7+ Qxe7 14. Bf4 Rd8
15. Qd4 Be6 16. Nd5 cxd5 17. exd5 Nxd5 18. Bxd5 Qd7 19. b3 Bxd5 20. Qxd5 Ne6
21. Be3 Qc6 22. Qd2 d5 23. Qd3 Rac8 24. Rac1 d4 25. Bd2 b6 26. Qg3 Nc5 27. Re7
Ne6 28. c3 Qe4 29. Kh2 Qg6 30. Qxg6 hxg6 31. cxd4 Rxc1 32. Bxc1 Rxd4 33. Rb7
Rb4 34. Bd2 Rxb3 35. Bxa5 Ra3 1/2-1/2

[Event "Tradewise Gibraltar Master 2015"]
[Site "Gibraltar ENG"]
[Date "2015.02.03"]
[Round "8.60"]
[White "Mkrtchian, Lilit"]
[Black "Byron, Alan M"]
[Result "1-0"]
[WhiteElo "2449"]
[BlackElo "2188"]
[PlyCount "65"]
[EventDate "2015.01.27"]
[EventType "swiss"]
[EventRounds "10"]
[EventCountry "ENG"]
[Source "lmi"]
[SourceDate "2015.01.27"]

1. Nf3 Nf6 2. c4 g6 3. g3 Bg7 4. Bg2 O-O 5. Nc3 d6 6. d4 Nc6 7. O-O e5 8. h3
exd4 9. Nxd4 Nxd4 10. Qxd4 Nd7 11. Qd2 Nc5 12. b3 Be6 13. Bb2 a5 14. Rac1 Qd7
15. Kh2 c6 16. Rfd1 Rfd8 17. e4 f5 18. exf5 Bxf5 19. g4 Bd3 20. Na4 Qc7 21.
Bxg7 Kxg7 22. Qc3+ Kg8 23. Rxd3 Nxd3 24. Qxd3 Rf8 25. Kg1 Rf6 26. Nc3 Re8 27.
Ne4 Rfe6 28. g5 Rd8 29. Nf6+ Kf8 30. Qf3 Kg7 31. Qc3 Kf8 32. h4 Re7 33. Nd5 1-0